| 000 | 01498nam0a22003371 4500 | ||
|---|---|---|---|
| 001 | rc\2226435 | ||
| 005 | 20250623022847.0 | ||
| 035 | _a(NLR Aleph) 006529735 | ||
| 090 |
_a6520346 _c6520346 |
||
| 100 | _a20110826d1979 |||y0rusy50 ca | ||
| 101 | 0 | _arus | |
| 102 | _aRU | ||
| 105 | _aa z ||||| | ||
| 200 | 1 | _aРекомендации по рациональной эксплуатации штрипсовых распиловочных станков | |
| 210 |
_aМосква _cВНИИЭСМ _d1979 |
||
| 215 |
_a73 с. _cил. _d20 |
||
| 225 | 1 |
_aОбзорная информация _fВНИИ НТИ и экономики пром-сти строит. материалов |
|
| 300 | _aАвт. указаны на обороте тит. л. | ||
| 320 | _aБиблиогр.: с. 71 | ||
| 606 |
_aКамень (строительный ) _xРаспиловка _jОбзоры литературы информационные _xМехэнизация _2psbo |
||
| 686 |
_aН625.310.22-5-082я82 _2rubbk |
||
| 700 | 1 |
_aСычев _bЮ.И. _gЮрий Иванович |
|
| 701 | 1 |
_aПоволоцкий _bС.В. _gСоломон Волькович |
|
| 712 | 0 | 2 | _aВНИИ науч.-техн. информации и экономики промышленности строит. материалов |
| 801 | 0 |
_aRU _bNLR _gpsbo |
|
| 801 | 1 |
_aRU _bELAR _2rusmarc |
|
| 852 |
_aNLR _j79-4/24668 |
||
| 899 |
_aRuMoRGB _jB 79-44/615 |
||
| 899 |
_aRuMoRGB _jB 79-44/616 |
||
| 942 | _cBOOK | ||
| 980 | _aNB | ||